Daňový bonus na vyživované dieťa (deti) od 1. 1. 2025

Uplatnenie nároku na daňový bonus na vyživované dieťa (deti) do 18. roku života vyživovaného dieťaťa a spôsob výpočtu daňového bonusu. Obmedzenie možnosti uplatnenia nároku na daňový bonus len pre prípady, ak daňovník dosahuje 90 % celosvetových zdaniteľných príjmov na území SR.

Guardado en:
Detalles Bibliográficos
Autor principal: Brnová, Miroslava
Formato: Capítulo de libro
Lenguaje:eslovaco
Materias:
Etiquetas: Agregar Etiqueta
Sin Etiquetas, Sea el primero en etiquetar este registro!

MARC

LEADER 00000naa a2200000 4500
001 0308413
005 20250502125731.5
041 0 |a slo 
044 |a SK 
245 1 0 |a Daňový bonus na vyživované dieťa (deti) od 1. 1. 2025  |c Miroslava Brnová 
520 |a Uplatnenie nároku na daňový bonus na vyživované dieťa (deti) do 18. roku života vyživovaného dieťaťa a spôsob výpočtu daňového bonusu. Obmedzenie možnosti uplatnenia nároku na daňový bonus len pre prípady, ak daňovník dosahuje 90 % celosvetových zdaniteľných príjmov na území SR. 
610 2 0 |a účtovníctvo daňové 
610 2 0 |a dane z príjmov 
610 2 0 |a prídavky na deti 
610 2 0 |a bonus daňový 
610 2 0 |a základ dane 
610 2 0 |a priznania daňové 
610 2 0 |a zákony 
610 2 0 |a novelizácia 
100 1 |a Brnová, Miroslava